| 000 | 00442nam a22001697a 4500 | ||
|---|---|---|---|
| 005 | 20250602151510.0 | ||
| 008 | 250602b |||||||| |||| 00| 0 eng d | ||
| 020 | _a9789356963344 | ||
| 082 | _a616.07 | ||
| 100 | _aHarsh Mohan | ||
| 245 |
_aPathology _bQuick Review _cHarsh Mohan |
||
| 250 | _a6th | ||
| 260 |
_aNew Delhi _bJaypee Brothers Medical Publishers _c2024 |
||
| 650 |
_vPhysiotherapy _xPathology |
||
| 942 | _cBK | ||
| 999 |
_c249365 _d249365 |
||